000 00974cam a22002054a 4500
005 20250605164023.0
008 250528s ||||||||||||||||||||||||d
035 _a16432
020 _a31239957
040 _aGR-AtMCL
_bgre
_dGR-AtMCL
_eAACR2
245 1 _aHuman Resources, Employment and Development / The Problems of Developed Countries and the International Economy: Volume 3
260 _bSt Martin Press,
_c1983
300 _a570
520 _aHuman Resources and Employment in Developed Countries, Manpower Policy and the Labour Market, Labour Market Issues, Education and Human Resource Development, Labour Supply and Income Distribution and Demographic Change: Lifetime and Intergenerational Aspects, The International Economy and Employment, Migration, Trade and Employment, Transnational Corporations and Employment, Index.
700 1 _aHughes Helen
_92521
700 1 _aWeisbrog Burton
_92522
942 _cBK
999 _c1932
_d1932